[Event "Geraardsbergen op 35th"]
[Site "Geraardsbergen"]
[Date "2019.08.18"]
[Round "9"]
[White "Okhotnik, Vladimir"]
[Black "Vermeiren, Bart"]
[Result "1-0"]
[WhiteElo "2363"]
[BlackElo "2018"]
[PlyCount "81"]
[EventDate "2019.08.14"]
[EventType "swiss"]
[EventRounds "9"]
[EventCountry "BEL"]
[SourceTitle "CBM 191 Extra"]
[Source "ChessBase"]
[SourceDate "2019.09.30"]
[SourceVersion "1"]
[SourceVersionDate "2019.09.30"]
[SourceQuality "1"]

1. e4 e6 2. d4 d5 3. exd5 exd5 4. c4 Bb4+ 5. Nc3 Qe7+ 6. Be2 Be6 7. Nf3 Nf6 8. 0-0 0-0 9. cxd5 Nxd5 10. Ng5 h6 11. Nxe6 Qxe6 12. Nxd5 Qxd5 13. Bf3 Qb5 14. Qb3 a6 15. a3 Bd6 16. Qxb5 axb5 17. Bxb7 Ra7 18. Bf3 c5 19. dxc5 Bxc5 20. Bd2 Rd8 21. Rad1 Rad7 22. Be3 Bxe3 23. fxe3 Rd2 24. Rxd2 Rxd2 25. Rd1 Rxd1+ 26. Bxd1 Na6 27. Be2 Nc7 28. e4 Kf8 29. Kf2 Ke7 30. Ke3 Kd6 31. Kd4 Ne6+ 32. Kc3 Kc5 33. b4+ Kb6 34. g3 f6 35. Bh5 Nf8 36. Kd4 g6 37. Bg4 h5 38. Bh3 Kc6 39. e5 f5 40. Bg2+ Kb6 41. Kd5 1-0

[Event "Geraardsbergen op 35th"]
[Site "Geraardsbergen"]
[Date "2019.08.17"]
[Round "8"]
[White "Vermeiren, Bart"]
[Black "Ghysels, Marc"]
[Result "1-0"]
[WhiteElo "2018"]
[BlackElo "2051"]
[PlyCount "109"]
[EventDate "2019.08.14"]
[EventType "swiss"]
[EventRounds "9"]
[EventCountry "BEL"]
[SourceTitle "CBM 191 Extra"]
[Source "ChessBase"]
[SourceDate "2019.09.30"]
[SourceVersion "1"]
[SourceVersionDate "2019.09.30"]
[SourceQuality "1"]

1. d4 Nf6 2. c4 e5 3. dxe5 Ng4 4. Nf3 Bc5 5. e3 Nc6 6. a3 a5 7. Nc3 Ngxe5 8. Nxe5 Nxe5 9. f4 Nc6 10. Bd3 d6 11. 0-0 f5 12. Qh5+ g6 13. Qh6 Be6 14. Qg7 Rg8 15. Qh6 Qf6 16. Nb5 Rc8 17. Kh1 Qg7 18. Qh4 h6 19. Bd2 Kd7 20. Bc3 Qf7 21. Qxh6 g5 22. Rae1 Rg6 23. Qh5 Rcg8 24. e4 Ne7 25. fxg5 Rxg5 26. Qxf7 Bxf7 27. g3 c6 28. Nd4 d5 29. cxd5 cxd5 30. exf5 Nc6 31. Nxc6 bxc6 32. Be5 Bd6 33. Bxd6 Kxd6 34. f6 Re5 35. Kg2 c5 36. b3 a4 37. bxa4 c4 38. Bc2 Be6 39. h3 Rf8 40. Rxe5 Kxe5 41. a5 d4 42. Re1+ Kd6 43. Be4 Bd5 44. a6 d3 45. Bxd5 Kxd5 46. a7 c3 47. f7 c2 48. Re8 Rxf7 49. a8Q+ Kd4 50. Re4+ Kc3 51. Qa5+ Kb2 52. Rb4+ Kc3 53. Rb5+ Kd4 54. Qb4+ Ke3 55. Re5# 1-0

[Event "Aalst op 15th"]
[Site "Aalst"]
[Date "2013.05.22"]
[Round "6"]
[White "De Weird, Matthias"]
[Black "Vermeiren, Bart"]
[Result "1/2-1/2"]
[WhiteElo "1699"]
[BlackElo "2008"]
[PlyCount "49"]
[EventDate "2013.04.17"]
[EventType "swiss"]
[EventRounds "9"]
[EventCountry "BEL"]
[SourceTitle "EXT 2014"]
[Source "ChessBase"]
[SourceDate "2013.11.20"]
[SourceVersion "1"]
[SourceVersionDate "2013.11.20"]
[SourceQuality "1"]

1. e4 c5 2. Nc3 e5 3. Bc4 Nf6 4. d3 Be7 5. f4 exf4 6. Bxf4 d6 7. Nf3 Nc6 8. 0-0 0-0 9. d4 cxd4 10. Nxd4 Qb6 11. Be3 Qb4 12. Bb3 Bg4 13. Qd2 Ne5 14. a3 Qa5 15. Nd5 Qd8 16. Nxf6+ Bxf6 17. h3 Bd7 18. c3 Rc8 19. g4 Nc4 20. Bxc4 Rxc4 21. b3 Rc8 22. Rac1 Qe7 23. g5 Be5 24. Nf5 Qe6 25. Bd4 1/2-1/2

[Event "Aalst op 15th"]
[Site "Aalst"]
[Date "2013.05.08"]
[Round "4"]
[White "Vermeiren, Bart"]
[Black "Boschmans, Jos"]
[Result "0-1"]
[WhiteElo "2008"]
[BlackElo "1830"]
[PlyCount "100"]
[EventDate "2013.04.17"]
[EventType "swiss"]
[EventRounds "9"]
[EventCountry "BEL"]
[SourceTitle "EXT 2014"]
[Source "ChessBase"]
[SourceDate "2013.11.20"]
[SourceVersion "1"]
[SourceVersionDate "2013.11.20"]
[SourceQuality "1"]

1. Nf3 c6 2. c4 d5 3. e3 Nf6 4. Be2 e6 5. 0-0 Bd6 6. d4 Nbd7 7. cxd5 exd5 8. Nc3 0-0 9. Bd2 Re8 10. Rc1 Ne4 11. a3 a5 12. h3 Ndf6 13. Bd3 Bf5 14. Qe2 Nxc3 15. Bxc3 Ne4 16. Rfd1 Re6 17. Bxe4 Bxe4 18. Ne5 c5 19. f3 cxd4 20. exd4 Bf5 21. Qb5 f6 22. Nd3 Re3 23. Qxd5+ Be6 24. Qb5 Bg3 25. Nf2 Qe8 26. Qxe8+ Rxe8 27. Re1 Bb3 28. Rxe3 Rxe3 29. Ne4 Bf4 30. Bd2 Rxe4 31. fxe4 Bxd2 32. Rc8+ Kf7 33. Rc7+ Kf8 34. Rxb7 Be3+ 35. Kh1 a4 36. d5 Bf4 37. g4 Be5 38. Kg2 Bxb2 39. d6 Bxa3 40. Rb8+ Kf7 41. d7 Be7 42. d8Q Bxd8 43. Rxd8 a3 44. Ra8 a2 45. Ra6 Bc4 46. Ra4 Ke6 47. Kf3 Kd6 48. Ra5 Kc6 49. Ke3 Kb6 50. Ra8 Ba6 0-1

[Event "Geraardsbergen op 28th"]
[Site "Geraardsbergen"]
[Date "2012.08.14"]
[Round "8"]
[White "Goormachtigh, Johan"]
[Black "Vermeiren, Bart"]
[Result "1-0"]
[WhiteElo "2201"]
[BlackElo "1935"]
[PlyCount "79"]
[EventDate "2012.08.11"]
[EventType "swiss"]
[EventRounds "9"]
[EventCountry "BEL"]
[SourceTitle "EXT 2013"]
[Source "ChessBase"]
[SourceDate "2012.11.22"]
[SourceVersion "1"]
[SourceVersionDate "2012.11.22"]
[SourceQuality "1"]

1. d4 d5 2. c4 c6 3. Nf3 Nf6 4. e3 Bf5 5. cxd5 cxd5 6. Qb3 Qc7 7. Nc3 e6 8. Bb5+ Nc6 9. Ne5 Bd6 10. f4 0-0 11. 0-0 Nb4 12. Qd1 Nc2 13. g4 Bxe5 14. gxf5 Nxa1 15. fxe5 Ne4 16. Bd2 Nxd2 17. Qxd2 f6 18. fxe6 fxe5 19. Rxa1 Qe7 20. dxe5 Qg5+ 21. Kh1 d4 22. Qxd4 Rf2 23. Rg1 Qh5 24. Rg2 Raf8 25. Qe4 Rxg2 26. Kxg2 Qg5+ 27. Kh1 Rf2 28. e7 Qxe7 29. Qd5+ Kh8 30. Qd6 Rxh2+ 31. Kxh2 Qh4+ 32. Kg2 Qg4+ 33. Kf2 Qh4+ 34. Ke2 Qg4+ 35. Kd2 Qg2+ 36. Kc1 h5 37. Qf8+ Kh7 38. Bd3+ g6 39. Ne4 Qg1+ 40. Kc2 1-0

[Event "Geraardsbergen op 28th"]
[Site "Geraardsbergen"]
[Date "2012.08.13"]
[Round "6"]
[White "Hugaert, Arthur"]
[Black "Vermeiren, Bart"]
[Result "1-0"]
[WhiteElo "2116"]
[BlackElo "1935"]
[PlyCount "33"]
[EventDate "2012.08.11"]
[EventType "swiss"]
[EventRounds "9"]
[EventCountry "BEL"]
[SourceTitle "EXT 2013"]
[Source "ChessBase"]
[SourceDate "2012.11.22"]
[SourceVersion "1"]
[SourceVersionDate "2012.11.22"]
[SourceQuality "1"]

1. e4 c5 2. Nc3 Nc6 3. f4 g6 4. Nf3 Bg7 5. Bb5 e6 6. Bxc6 dxc6 7. e5 Ne7 8. Ne4 Nd5 9. Nd6+ Kf8 10. Ng5 Nxf4 11. Ngxf7 Qh4+ 12. g3 Ng2+ 13. Kf2 Qd4+ 14. Kxg2 Bxe5 15. Nxe5 Qxe5 16. Qf3+ Ke7 17. Nf7 1-0

[Event "Geraardsbergen op 28th"]
[Site "Geraardsbergen"]
[Date "2012.08.11"]
[Round "2"]
[White "Hovhannisyan, Mher"]
[Black "Vermeiren, Bart"]
[Result "1/2-1/2"]
[WhiteElo "2485"]
[BlackElo "1935"]
[PlyCount "159"]
[EventDate "2012.08.11"]
[EventType "swiss"]
[EventRounds "9"]
[EventCountry "BEL"]
[SourceTitle "EXT 2013"]
[Source "ChessBase"]
[SourceDate "2012.11.22"]
[SourceVersion "1"]
[SourceVersionDate "2012.11.22"]
[SourceQuality "1"]

1. e4 c5 2. c3 d5 3. exd5 Qxd5 4. d4 Nc6 5. Nf3 Bg4 6. Be2 Nf6 7. c4 Qf5 8. dxc5 e5 9. Be3 Bxf3 10. gxf3 Nd4 11. Bxd4 exd4 12. Bd3 Qe5+ 13. Qe2 Qxe2+ 14. Kxe2 Bxc5 15. a3 a5 16. Nd2 0-0 17. Ne4 Rfe8 18. Kd2 Be7 19. Nxf6+ Bxf6 20. Be4 d3 21. Kxd3 Bxb2 22. Rab1 Rad8+ 23. Bd5 Bxa3 24. Rxb7 Bb4 25. Rg1 Re7 26. Rb5 Rde8 27. Rg4 Kf8 28. Re4 g6 29. c5 f5 30. Re3 Re5 31. c6 Rxe3+ 32. fxe3 Re7 33. e4 Bd6 34. h3 Ra7 35. Kd4 fxe4 36. fxe4 Ke7 37. e5 Bc7 38. Rb2 a4 39. Re2 a3 40. Bc4 Ra5 41. h4 h6 42. e6 g5 43. hxg5 hxg5 44. Kd3 Rc5 45. Ra2 Rxc6 46. Rxa3 g4 47. Ra8 Rxe6 48. Bxe6 Kxe6 49. Ke4 g3 50. Rg8 Kf6 51. Kf3 Kf5 52. Rc8 Bd6 53. Ra8 Bc7 54. Ra7 Bd6 55. Ra5+ Ke6 56. Ke4 Kf6 57. Ra6 Ke7 58. Ra1 Ke6 59. Rh1 Ke7 60. Rh7+ Ke6 61. Rh6+ Ke7 62. Kf5 Bc5 63. Rg6 Bf2 64. Ke5 Kf7 65. Rg4 Be1 66. Ra4 Bf2 67. Rf4+ Kg6 68. Rg4+ Kf7 69. Rf4+ Kg6 70. Rg4+ Kf7 71. Kf4 Ke7 72. Rg6 Kf7 73. Rg5 Ke7 74. Rg7+ Kd6 75. Rg8 Kd5 76. Rg4 Kd6 77. Ke4 Kc5 78. Rg6 Kb4 79. Kd3 Kc5 80. Rg5+ 1/2-1/2

[Event "Ghent VSF-chB"]
[Site "Ghent"]
[Date "2011.06.05"]
[Round "7"]
[White "Vermeiren, Bart"]
[Black "Van de Wynkele, Eric"]
[Result "1/2-1/2"]
[WhiteElo "1893"]
[BlackElo "2084"]
[PlyCount "52"]
[EventDate "2011.06.02"]
[EventType "swiss"]
[EventRounds "7"]
[EventCountry "BEL"]
[SourceTitle "CBM 143 Extra"]
[Source "ChessBase"]
[SourceDate "2011.08.29"]
[SourceVersion "1"]
[SourceVersionDate "2011.08.29"]
[SourceQuality "1"]

1. Nf3 d6 2. d4 Nd7 3. e4 e5 4. Be2 Ngf6 5. Nc3 c6 6. 0-0 h6 7. h3 Be7 8. Be3 Qc7 9. Qd2 Nf8 10. d5 g5 11. Rad1 Ng6 12. Rfe1 Bd7 13. b4 Qc8 14. Nh2 cxd5 15. exd5 0-0 16. a3 Kg7 17. Bf3 Ne8 18. Bh5 f5 19. Bxg6 Kxg6 20. f3 Nf6 21. g4 Qc4 22. Ne2 Rfc8 23. c3 f4 24. Bf2 Ba4 25. Be3 Bd7 26. Qc2+ Kg7 1/2-1/2